[Event "Wolrd Chess Olympiad 2018"]
[Site "Batumi"]
[Date "2018.10.04"]
[Round "10"]
[Board "3"]
[WhiteFideId "20700253"]
[White "Nxumalo Vuyo"]
[BlackFideId "16100468"]
[Black "Abdikani Nor Mohamed"]
[Result "1-0"]
[LiveChessVersion "1.4.8"]
[BlackElo "1517"]
[WhiteElo "1525"]

1. e4 {[%clk 1:30:45]} e5 {[%clk 1:30:24]} 2. Nf3 {[%clk 1:31:06]} Nc6
{[%clk 1:30:34]} 3. Bb5 {[%clk 1:30:44]} d6 {[%clk 1:29:06]} 4. c3
{[%clk 1:30:37]} Nf6 {[%clk 1:28:24]} 5. O-O {[%clk 1:30:06]} Be7
{[%clk 1:28:32]} 6. Re1 {[%clk 1:30:13]} O-O {[%clk 1:27:58]} 7. d3
{[%clk 1:28:37]} a6 {[%clk 1:26:01]} 8. Ba4 {[%clk 1:27:47]} b5 {[%clk 1:22:55]}
9. Bc2 {[%clk 1:28:00]} Re8 {[%clk 1:14:44]} 10. Nbd2 {[%clk 1:25:24]} Nh5
{[%clk 1:08:09]} 11. Nxe5 {[%clk 1:23:56]} dxe5 {[%clk 1:04:47]} 12. Qxh5
{[%clk 1:23:51]} g6 {[%clk 1:04:27]} 13. Qf3 {[%clk 1:24:07]} Bf6
{[%clk 1:03:54]} 14. Nf1 {[%clk 1:23:49]} Be6 {[%clk 1:02:39]} 15. Bh6
{[%clk 1:14:55]} Bg7 {[%clk 0:56:10]} 16. Qe3 {[%clk 1:12:25]} Bxh6
{[%clk 0:43:57]} 17. Qxh6 {[%clk 1:12:37]} Qd6 {[%clk 0:41:12]} 18. Ne3
{[%clk 1:10:48]} Rad8 {[%clk 0:38:11]} 19. h4 b4 20. h5 {[%clk 1:08:08]} bxc3
{[%clk 0:37:16]} 21. bxc3 {[%clk 1:08:11]} Qc5 {[%clk 0:34:16]} 22. c4
{[%clk 1:00:54]} Nb4 {[%clk 0:32:13]} 23. Ba4 {[%clk 0:53:52]} Rf8
{[%clk 0:31:04]} 24. Nf5 {[%clk 0:50:26]} Bxf5 {[%clk 0:25:02]} 25. exf5
{[%clk 0:50:04]} Nxd3 {[%clk 0:18:02]} 26. hxg6 {[%clk 0:48:09]} fxg6
{[%clk 0:14:01]} 27. fxg6 {[%clk 0:48:17]} Qxf2+ {[%clk 0:12:26]} 28. Kh1
{[%clk 0:48:33]} hxg6 {[%clk 0:09:44]} 29. Qxg6+ {[%clk 0:48:44]} Kh8
{[%clk 0:09:38]} 30. Qh6+ {[%clk 0:48:53]} Kg8 {[%clk 0:09:09]} 31. Rf1
{[%clk 0:41:44]} Qg3 {[%clk 0:08:34]} 32. Bc6 {[%clk 0:38:34]} Nf4
{[%clk 0:05:54]} 33. Be4 {[%clk 0:36:32]} Qg7 {[%clk 0:05:38]} 34. Qxg7+
{[%clk 0:33:58]} Kxg7 {[%clk 0:05:54]} 35. g3 {[%clk 0:33:00]} Ne6
{[%clk 0:06:06]} 36. Kg2 {[%clk 0:32:57]} Nd4 {[%clk 0:03:33]} 37. Rh1
{[%clk 0:32:06]} Rh8 {[%clk 0:03:13]} 38. Rxh8 {[%clk 0:32:11]} Kxh8
{[%clk 0:02:07]} 39. Rh1+ {[%clk 0:28:30]} Kg8 {[%clk 0:01:38]} 40. Rh6
{[%clk 0:28:11]} Rd6 {[%clk 0:01:43]} 41. Rh5 {[%clk 0:57:44]} Kf7
{[%clk 0:30:40]} 42. Rxe5 {[%clk 0:57:43]} Kf6 {[%clk 0:31:09]} 43. Ra5
{[%clk 0:56:42]} Nc6 {[%clk 0:12:24]} 44. Rxa6 {[%clk 0:55:53]} Ne5
{[%clk 0:12:19]} 45. Rxd6+ {[%clk 0:56:06]} cxd6 {[%clk 0:12:14]} 46. a4
{[%clk 0:56:15]} Nxc4 {[%clk 0:12:25]} 47. Bd5 {[%clk 0:56:25]} Nb6
{[%clk 0:12:44]} 48. Bc6 {[%clk 0:56:11]} Nc8 {[%clk 0:12:29]} 49. a5
{[%clk 0:56:02]} Kg5 {[%clk 0:12:32]} 50. Kf3 {[%clk 0:56:13]} Na7
{[%clk 0:05:34]} 51. Bd7 {[%clk 0:54:07]} d5 {[%clk 0:05:36]} 52. g4
{[%clk 0:54:19]} 1-0

[Event "Wolrd Chess Olympiad 2018"]
[Site "Batumi"]
[Date "2018.10.04"]
[Round "10"]
[Board "1"]
[WhiteFideId "9700110"]
[White "Goorsahye Antoine"]
[BlackFideId "10400222"]
[Black "Karelina Polina"]
[Result "1-0"]
[LiveChessVersion "1.4.8"]
[BlackElo "1631"]
[WhiteElo "1793"]

1. d4 {[%clk 1:30:51]} Nf6 {[%clk 1:30:47]} 2. c4 {[%clk 1:31:09]} g6
{[%clk 1:30:36]} 3. g3 {[%clk 1:31:17]} Bg7 {[%clk 1:30:56]} 4. Bg2
{[%clk 1:31:41]} O-O {[%clk 1:30:59]} 5. Nf3 {[%clk 1:31:53]} d6 {[%clk 1:31:04]}
6. O-O {[%clk 1:32:10]} Nbd7 {[%clk 1:30:48]} 7. Qc2 {[%clk 1:32:07]} e5
{[%clk 1:29:48]} 8. Rd1 {[%clk 1:31:32]} exd4 {[%clk 1:27:04]} 9. Nxd4
{[%clk 1:31:45]} a5 {[%clk 1:23:35]} 10. Nc3 {[%clk 1:30:34]} Nc5
{[%clk 1:23:34]} 11. b3 {[%clk 1:29:37]} c6 {[%clk 1:16:17]} 12. h3
{[%clk 1:26:07]} Qc7 {[%clk 1:15:27]} 13. Bf4 {[%clk 1:22:24]} Nh5
{[%clk 1:14:02]} 14. Be3 {[%clk 1:20:08]} Ne6 {[%clk 1:11:41]} 15. Rab1
{[%clk 1:18:03]} Bd7 {[%clk 1:07:04]} 16. Qd2 {[%clk 1:15:36]} Rfd8
{[%clk 1:04:26]} 17. g4 {[%clk 1:08:38]} Nf6 {[%clk 1:04:08]} 18. Nxe6
{[%clk 1:08:03]} Bxe6 {[%clk 1:03:58]} 19. Na4 {[%clk 1:06:29]} c5
{[%clk 1:00:26]} 20. Bf4 {[%clk 1:04:52]} Ne8 {[%clk 0:57:30]} 21. Nc3
{[%clk 1:03:57]} Qe7 {[%clk 0:53:41]} 22. Qe3 {[%clk 0:56:05]} Rd7
{[%clk 0:50:06]} 23. Rd2 {[%clk 0:52:14]} Rad8 {[%clk 0:48:46]} 24. Nb5
{[%clk 0:49:58]} Nc7 {[%clk 0:45:36]} 25. Nxc7 {[%clk 0:47:14]} Rxc7
{[%clk 0:45:56]} 26. Qg3 {[%clk 0:46:59]} Rcd7 {[%clk 0:44:30]} 27. Rbd1
{[%clk 0:46:46]} Bf8 {[%clk 0:43:21]} 28. g5 {[%clk 0:40:06]} a4 {[%clk 0:39:09]}
29. h4 {[%clk 0:39:24]} axb3 {[%clk 0:38:26]} 30. axb3 {[%clk 0:39:49]} b5
{[%clk 0:37:44]} 31. cxb5 {[%clk 0:39:05]} Bxb3 {[%clk 0:37:59]} 32. Qxb3
{[%clk 0:38:58]} 1-0

[Event "Wolrd Chess Olympiad 2018"]
[Site "Batumi"]
[Date "2018.10.04"]
[Round "10"]
[Board "2"]
[WhiteFideId "10400583"]
[White "Moncur Cecil"]
[BlackFideId "9700250"]
[Black "Raimbert Ronald"]
[Result "1-0"]
[LiveChessVersion "1.4.8"]
[BlackElo "1747"]
[WhiteElo "1873"]

1. d4 {[%clk 1:30:20]} Nf6 {[%clk 1:30:59]} 2. c4 {[%clk 1:30:41]} g6
{[%clk 1:31:27]} 3. Nc3 {[%clk 1:30:57]} d5 {[%clk 1:31:56]} 4. cxd5
{[%clk 1:31:21]} Nxd5 {[%clk 1:32:24]} 5. e4 {[%clk 1:31:41]} Nxc3
{[%clk 1:32:52]} 6. bxc3 {[%clk 1:32:04]} Bg7 {[%clk 1:33:21]} 7. Bc4
{[%clk 1:32:23]} c5 {[%clk 1:33:44]} 8. Ne2 {[%clk 1:32:42]} Nc6 {[%clk 1:33:59]}
9. Be3 {[%clk 1:33:06]} O-O {[%clk 1:34:22]} 10. h4 {[%clk 1:33:14]} h6
{[%clk 1:27:37]} 11. f3 {[%clk 1:28:19]} Na5 {[%clk 1:23:52]} 12. Bd3
{[%clk 1:26:37]} cxd4 {[%clk 1:23:48]} 13. cxd4 {[%clk 1:26:44]} Nc6
{[%clk 1:19:43]} 14. Bc4 {[%clk 1:20:23]} Qd6 {[%clk 1:14:38]} 15. Rc1
{[%clk 1:13:44]} e6 {[%clk 1:08:15]} 16. Kf2 {[%clk 1:11:34]} Qe7
{[%clk 0:58:58]} 17. Qd2 {[%clk 1:09:22]} Kh7 {[%clk 0:57:10]} 18. Bd3
{[%clk 1:05:28]} f5 {[%clk 0:56:10]} 19. Rcg1 {[%clk 0:45:12]} Qb4
{[%clk 0:54:36]} 20. Qxb4 {[%clk 0:43:30]} Nxb4 {[%clk 0:55:04]} 21. Bb1
{[%clk 0:43:52]} Bd7 {[%clk 0:46:09]} 22. a3 {[%clk 0:39:50]} Nc6
{[%clk 0:43:20]} 23. e5 {[%clk 0:38:44]} Kg8 {[%clk 0:39:00]} 24. g4
{[%clk 0:37:07]} Ne7 {[%clk 0:36:03]} 25. gxf5 {[%clk 0:32:45]} Nxf5
{[%clk 0:32:16]} 26. Rxg6 {[%clk 0:31:41]} Ne7 {[%clk 0:27:29]} 27. Rg3
{[%clk 0:29:47]} Kh8 {[%clk 0:25:23]} 28. Nf4 {[%clk 0:27:41]} Rf7
{[%clk 0:24:08]} 29. Nh5 {[%clk 0:22:50]} Bc6 {[%clk 0:20:13]} 30. Nxg7
{[%clk 0:20:34]} Rg8 {[%clk 0:14:56]} 31. Bxh6 {[%clk 0:18:16]} Rgf8
{[%clk 0:13:46]} 32. Rhh3 {[%clk 0:14:45]} Nd5 {[%clk 0:13:01]} 33. Nxe6
{[%clk 0:14:01]} 1-0

[Event "Wolrd Chess Olympiad 2018"]
[Site "Batumi"]
[Date "2018.10.04"]
[Round "10"]
[Board "3"]
[WhiteFideId "9700099"]
[White "Marie Patrick"]
[BlackFideId "10400044"]
[Black "Small Byron"]
[Result "1-0"]
[LiveChessVersion "1.4.8"]
[BlackElo "1721"]
[WhiteElo "1955"]

1. e4 {[%clk 1:30:51]} e5 {[%clk 1:30:32]} 2. Nf3 {[%clk 1:31:15]} Nc6
{[%clk 1:30:56]} 3. Bc4 {[%clk 1:31:40]} Nf6 {[%clk 1:31:14]} 4. d3
{[%clk 1:32:06]} Bc5 {[%clk 1:31:15]} 5. O-O {[%clk 1:32:27]} d6 {[%clk 1:31:11]}
6. c3 {[%clk 1:32:42]} a6 {[%clk 1:30:48]} 7. b4 {[%clk 1:32:51]} Ba7
{[%clk 1:31:08]} 8. Nbd2 {[%clk 1:33:15]} O-O {[%clk 1:30:33]} 9. Re1
{[%clk 1:32:33]} b5 {[%clk 1:23:53]} 10. Bb3 {[%clk 1:32:23]} Bb7
{[%clk 1:24:09]} 11. Nf1 {[%clk 1:32:22]} h6 {[%clk 1:20:20]} 12. Ne3
{[%clk 1:32:36]} Ne7 {[%clk 1:20:39]} 13. Nh4 {[%clk 1:25:49]} d5
{[%clk 1:20:03]} 14. Nef5 {[%clk 1:16:33]} Kh7 {[%clk 1:10:30]} 15. Nxe7
{[%clk 1:11:13]} Qxe7 {[%clk 1:10:57]} 16. Nf5 {[%clk 1:11:32]} Qd7
{[%clk 1:07:59]} 17. Qf3 {[%clk 1:05:53]} dxe4 {[%clk 0:40:53]} 18. dxe4
{[%clk 1:05:34]} h5 {[%clk 0:36:22]} 19. Bg5 {[%clk 1:05:06]} Ng4
{[%clk 0:35:31]} 20. Rad1 {[%clk 0:40:18]} Qe8 {[%clk 0:34:27]} 21. Rd2
{[%clk 0:30:00]} f6 {[%clk 0:31:55]} 22. Be3 {[%clk 0:26:42]} g6 {[%clk 0:28:46]}
23. Bxa7 {[%clk 0:25:52]} Rxa7 {[%clk 0:29:01]} 24. Ne3 {[%clk 0:25:26]} f5
{[%clk 0:22:35]} 25. Nxg4 {[%clk 0:24:41]} fxg4 {[%clk 0:20:25]} 26. Qe3
{[%clk 0:25:02]} Ra8 {[%clk 0:20:53]} 27. Red1 {[%clk 0:25:12]} Bc6
{[%clk 0:12:14]} 28. Qc5 {[%clk 0:20:14]} Rf6 {[%clk 0:08:39]} 29. Bd5
{[%clk 0:14:20]} Rc8 {[%clk 0:03:37]} 30. Bxc6 {[%clk 0:14:14]} Rxc6
{[%clk 0:04:02]} 31. Rd7+ {[%clk 0:14:29]} 1-0

[Event "Wolrd Chess Olympiad 2018"]
[Site "Batumi"]
[Date "2018.10.04"]
[Round "10"]
[Board "4"]
[WhiteFideId "10400125"]
[White "Whyms Chappell"]
[BlackFideId "9700170"]
[Black "Jotee Ashvin"]
[Result "0-1"]
[LiveChessVersion "1.4.8"]
[BlackElo "1751"]
[WhiteElo "1595"]

1. d4 {[%clk 1:30:37]} d5 {[%clk 1:30:44]} 2. c4 c6 3. Nf3 {[%clk 1:28:03]} Nf6
{[%clk 1:31:11]} 4. Nc3 {[%clk 1:28:13]} dxc4 {[%clk 1:31:10]} 5. a4
{[%clk 1:27:46]} Bf5 {[%clk 1:30:17]} 6. e3 {[%clk 1:27:03]} e6 {[%clk 1:22:47]}
7. Bxc4 {[%clk 1:26:29]} Bb4 {[%clk 1:21:15]} 8. O-O {[%clk 1:25:45]} O-O
{[%clk 1:18:10]} 9. Qe2 {[%clk 1:23:59]} Ne4 {[%clk 1:10:52]} 10. Ne5
{[%clk 1:07:56]} Qe7 {[%clk 0:59:18]} 11. Na2 {[%clk 1:06:33]} Ba5
{[%clk 0:51:22]} 12. f3 {[%clk 1:01:28]} Nd6 {[%clk 0:44:35]} 13. Bb3
{[%clk 1:01:14]} Nd7 {[%clk 0:39:25]} 14. e4 {[%clk 1:01:19]} Bg6
{[%clk 0:34:42]} 15. Nxg6 {[%clk 1:00:04]} hxg6 {[%clk 0:34:58]} 16. Be3
{[%clk 0:59:59]} e5 {[%clk 0:29:19]} 17. Rad1 {[%clk 0:51:31]} Bb6
{[%clk 0:24:31]} 18. Nc3 {[%clk 0:43:44]} exd4 {[%clk 0:22:46]} 19. Bxd4
{[%clk 0:43:47]} Bxd4+ {[%clk 0:21:48]} 20. Rxd4 {[%clk 0:44:00]} Nc5
{[%clk 0:21:20]} 21. Ba2 {[%clk 0:31:11]} Ne6 {[%clk 0:20:04]} 22. Bxe6
{[%clk 0:31:17]} Qxe6 {[%clk 0:17:53]} 23. Rfd1 {[%clk 0:31:40]} Nc8
{[%clk 0:11:18]} 24. Qc2 {[%clk 0:22:24]} Re8 {[%clk 0:08:49]} 25. b4
{[%clk 0:21:56]} Nb6 {[%clk 0:07:37]} 26. Ne2 {[%clk 0:21:39]} Re7
{[%clk 0:06:57]} 27. a5 {[%clk 0:20:23]} Nd5 {[%clk 0:04:01]} 28. exd5
{[%clk 0:17:10]} Qxe2 {[%clk 0:04:13]} 29. Qxe2 {[%clk 0:17:30]} Rxe2
{[%clk 0:04:35]} 30. dxc6 {[%clk 0:17:52]} bxc6 {[%clk 0:04:45]} 31. Rc4
{[%clk 0:17:55]} Rb2 {[%clk 0:04:13]} 32. Rd6 {[%clk 0:18:00]} Re8 33. Rdxc6
{[%clk 0:18:16]} Re1# {[%clk 0:04:03]} 0-1

[Event "Wolrd Chess Olympiad 2018"]
[Site "Batumi"]
[Date "2018.10.04"]
[Round "10"]
[Board "1"]
[WhiteFideId "21100039"]
[White "Bah Ebrima"]
[BlackFideId "15800059"]
[Black "Banlock Benjamin Didier"]
[Result "0-1"]
[LiveChessVersion "1.4.8"]
[BlackElo "2058"]
[WhiteElo "2066"]

1. e4 {[%clk 1:30:54]} c5 {[%clk 1:30:48]} 2. c4 {[%clk 1:29:34]} Nc6
{[%clk 1:30:16]} 3. Nc3 {[%clk 1:29:20]} g6 {[%clk 1:30:15]} 4. d3
{[%clk 1:28:27]} Bg7 {[%clk 1:30:31]} 5. Bd2 {[%clk 1:28:17]} d6 {[%clk 1:27:32]}
6. Nge2 {[%clk 1:27:45]} Nf6 {[%clk 1:23:27]} 7. h3 {[%clk 1:27:29]} a6
{[%clk 1:23:48]} 8. a3 {[%clk 1:27:05]} Rb8 {[%clk 1:23:43]} 9. a4
{[%clk 1:24:39]} Bd7 {[%clk 1:21:11]} 10. Bg5 {[%clk 1:23:17]} h6
{[%clk 1:20:53]} 11. Be3 {[%clk 1:21:15]} Nb4 {[%clk 1:19:19]} 12. g3
{[%clk 1:18:28]} O-O {[%clk 1:16:38]} 13. Qd2 {[%clk 1:18:05]} Kh7
{[%clk 1:17:04]} 14. Bg2 {[%clk 1:17:32]} Qc8 {[%clk 1:16:16]} 15. g4
{[%clk 1:17:47]} Ne8 {[%clk 1:16:40]} 16. O-O {[%clk 1:15:35]} Nc7
{[%clk 1:16:56]} 17. f4 {[%clk 1:13:31]} b5 {[%clk 1:13:49]} 18. axb5
{[%clk 1:12:52]} axb5 {[%clk 1:14:12]} 19. b3 {[%clk 1:12:37]} Nc6
{[%clk 1:14:21]} 20. Rab1 {[%clk 1:10:14]} Nd4 {[%clk 0:58:20]} 21. f5
{[%clk 1:07:16]} g5 {[%clk 0:46:40]} 22. Bxg5 {[%clk 1:04:19]} hxg5
{[%clk 0:46:04]} 23. Qxg5 {[%clk 1:04:47]} Bf6 {[%clk 0:46:23]} 24. Qh5+
{[%clk 1:03:43]} Kg7 {[%clk 0:46:41]} 25. g5 {[%clk 1:03:01]} Nxe2+
{[%clk 0:44:39]} 26. Nxe2 {[%clk 1:03:11]} Bd4+ {[%clk 0:44:58]} 27. Nxd4 Rh8 28.
Qg4 {[%clk 0:59:51]} cxd4 {[%clk 0:44:52]} 29. g6 {[%clk 0:57:52]} f6
{[%clk 0:43:25]} 30. h4 {[%clk 0:58:06]} Na6 {[%clk 0:43:15]} 31. Rf3
{[%clk 0:57:14]} bxc4 {[%clk 0:41:12]} 32. dxc4 {[%clk 0:56:32]} Qc5
{[%clk 0:40:36]} 33. Kh1 {[%clk 0:53:46]} Nb4 {[%clk 0:40:58]} 34. Rh3
{[%clk 0:53:07]} Nc2 {[%clk 0:40:04]} 35. h5 {[%clk 0:50:39]} Ne3
{[%clk 0:39:03]} 36. Qf4 {[%clk 0:49:44]} Rh6 {[%clk 0:39:18]} 37. Bf1
{[%clk 0:48:23]} Bc6 {[%clk 0:38:53]} 38. Kg1 {[%clk 0:45:40]} Qa3
{[%clk 0:37:26]} 39. Rxe3 {[%clk 0:43:12]} dxe3 {[%clk 0:37:46]} 40. Qxe3 Qc5 41.
Qxc5 dxc5 42. Bd3 {[%clk 0:39:37]} Rd8 {[%clk 0:37:19]} 43. Be2 {[%clk 1:08:29]}
Bxe4 {[%clk 1:07:05]} 44. Ra1 {[%clk 1:08:34]} Ra8 {[%clk 1:05:39]} 45. Re1
{[%clk 1:07:33]} Ra7 {[%clk 1:05:07]} 46. Bg4 {[%clk 1:07:31]} Bc2
{[%clk 1:05:23]} 47. Re3 {[%clk 1:07:50]} Rh8 {[%clk 1:05:36]} 48. Rc3
{[%clk 1:07:35]} Bb1 {[%clk 0:58:42]} 49. Re3 {[%clk 1:07:05]} Rd8
{[%clk 0:58:14]} 50. Rh3 {[%clk 1:05:29]} Kh6 {[%clk 0:58:20]} 51. Rg3
{[%clk 1:05:26]} Rd2 {[%clk 0:57:35]} 52. Bh3 {[%clk 1:03:07]} Ra1
{[%clk 0:53:33]} 53. Bf1 {[%clk 0:57:53]} Bd3 {[%clk 0:44:40]} 0-1

[Event "Wolrd Chess Olympiad 2018"]
[Site "Batumi"]
[Date "2018.10.04"]
[Round "10"]
[Board "2"]
[WhiteFideId "16400291"]
[White "Ebosse Kingue Victor Patrick"]
[BlackFideId "21100306"]
[Black "Garber Ousainou"]
[Result "1-0"]
[LiveChessVersion "1.4.8"]
[BlackElo "1701"]
[WhiteElo "2060"]

1. e4 {[%clk 1:30:46]} e5 {[%clk 1:30:50]} 2. Nf3 {[%clk 1:31:12]} d6
{[%clk 1:29:41]} 3. d4 {[%clk 1:31:34]} Bg4 {[%clk 1:28:55]} 4. Be2
{[%clk 1:31:44]} exd4 {[%clk 1:27:59]} 5. Qxd4 {[%clk 1:31:49]} Nc6
{[%clk 1:27:51]} 6. Qa4 {[%clk 1:32:12]} Bd7 {[%clk 1:25:12]} 7. Qb3
{[%clk 1:31:55]} Na5 {[%clk 1:24:17]} 8. Qe3 {[%clk 1:32:09]} Be7
{[%clk 1:24:01]} 9. Qc3 {[%clk 1:31:47]} c5 10. Qxg7 Bf6 {[%clk 1:19:31]} 11. Qg3
{[%clk 1:31:57]} Be6 12. Nc3 {[%clk 1:28:28]} Ne7 {[%clk 1:18:53]} 13. Bd2
{[%clk 1:26:26]} Nac6 {[%clk 1:19:03]} 14. Qf4 {[%clk 1:24:44]} Ng6
{[%clk 1:17:54]} 15. Qe3 {[%clk 1:25:12]} h6 {[%clk 1:16:07]} 16. Nd5
{[%clk 1:24:55]} Bg7 {[%clk 1:14:19]} 17. Bc3 {[%clk 1:24:11]} f6
{[%clk 1:07:03]} 18. Nd2 {[%clk 1:23:04]} h5 19. f4 {[%clk 1:20:39]} Bxd5
{[%clk 0:53:51]} 20. exd5+ {[%clk 1:19:30]} Nce7 {[%clk 0:53:49]} 21. O-O
{[%clk 1:16:42]} a6 {[%clk 0:53:59]} 22. Ne4 {[%clk 1:14:51]} Kf7
{[%clk 0:53:26]} 23. Qh3 {[%clk 1:12:16]} f5 {[%clk 0:43:37]} 24. Ng5+
{[%clk 1:12:14]} Kg8 {[%clk 0:40:52]} 25. Bxg7 {[%clk 1:09:02]} Kxg7
{[%clk 0:27:46]} 26. Ne6+ {[%clk 0:57:58]} Kf7 {[%clk 0:26:52]} 27. Nxd8+ Raxd8
28. c4 {[%clk 0:51:17]} h4 {[%clk 0:26:53]} 29. Bd3 {[%clk 0:51:00]} Kf6
{[%clk 0:25:20]} 30. Rae1 {[%clk 0:48:38]} Rh5 {[%clk 0:25:10]} 31. Qf3
{[%clk 0:45:29]} Rh6 {[%clk 0:24:24]} 32. Re6+ {[%clk 0:44:58]} Kf7
{[%clk 0:23:54]} 33. Rfe1 {[%clk 0:44:44]} Rh7 {[%clk 0:23:33]} 34. Qe3
{[%clk 0:42:11]} Rd7 {[%clk 0:21:04]} 35. Rxg6 {[%clk 0:38:08]} Nxg6
{[%clk 0:17:17]} 36. Qe8+ {[%clk 0:36:41]} Kg7 {[%clk 0:00:53]} 37. Qxd7+
{[%clk 0:34:15]} Kh6 {[%clk 0:00:37]} 38. Qxf5 {[%clk 0:32:39]} Rg7
{[%clk 0:00:33]} 39. Qg5+ {[%clk 0:31:34]} Kh7 {[%clk 0:00:36]} 40. f5
{[%clk 0:30:10]} 1-0

[Event "Wolrd Chess Olympiad 2018"]
[Site "Batumi"]
[Date "2018.10.04"]
[Round "10"]
[Board "1"]
[WhiteFideId "21300020"]
[White "Klaas Tokelo"]
[BlackFideId "409014"]
[Black "Kirby Peter J."]
[Result "1/2-1/2"]
[LiveChessVersion "1.4.8"]
[BlackElo "1988"]
[WhiteElo "1827"]

1. d4 {[%clk 1:30:50]} Nf6 {[%clk 1:30:55]} 2. Nf3 {[%clk 1:30:36]} g6
{[%clk 1:31:19]} 3. c4 {[%clk 1:30:38]} Bg7 {[%clk 1:31:40]} 4. g3
{[%clk 1:30:23]} O-O {[%clk 1:31:55]} 5. Bg2 {[%clk 1:30:49]} d6 {[%clk 1:32:12]}
6. O-O {[%clk 1:31:11]} Nc6 7. Nc3 {[%clk 1:30:39]} a6 {[%clk 1:32:32]} 8. b3
{[%clk 1:26:23]} Rb8 {[%clk 1:30:16]} 9. Bb2 {[%clk 1:26:19]} Bd7
{[%clk 1:26:57]} 10. h3 {[%clk 1:25:01]} b5 {[%clk 1:25:50]} 11. d5
{[%clk 1:22:47]} Na5 {[%clk 1:23:55]} 12. cxb5 {[%clk 1:20:17]} axb5
{[%clk 1:23:08]} 13. Nd4 {[%clk 1:19:05]} Qc8 {[%clk 1:18:32]} 14. Kh2
{[%clk 1:19:12]} b4 {[%clk 1:14:09]} 15. Nb1 {[%clk 1:18:29]} c5 {[%clk 1:12:07]}
16. dxc6 {[%clk 1:16:45]} Nxc6 {[%clk 1:12:29]} 17. e3 {[%clk 1:14:24]} Nxd4
{[%clk 1:09:08]} 18. Bxd4 {[%clk 1:09:50]} Bc6 {[%clk 1:08:04]} 19. Nd2
{[%clk 1:09:29]} Bxg2 {[%clk 1:07:49]} 20. Kxg2 {[%clk 1:09:31]} Qb7+
{[%clk 1:03:36]} 21. Qf3 {[%clk 1:09:01]} Qxf3+ {[%clk 1:03:17]} 22. Kxf3
{[%clk 1:07:59]} e5 {[%clk 1:00:57]} 23. Bb2 {[%clk 1:07:52]} Nd7
{[%clk 0:56:43]} 24. Ke2 {[%clk 1:07:58]} d5 {[%clk 0:54:28]} 25. Rfc1
{[%clk 1:06:51]} Rfc8 {[%clk 0:54:24]} 26. Rxc8+ {[%clk 1:01:54]} Rxc8
{[%clk 0:54:52]} 27. Rc1 {[%clk 1:02:03]} Ra8 {[%clk 0:49:22]} 28. Ra1
{[%clk 0:58:28]} Rc8 {[%clk 0:45:04]} 29. Rc1 {[%clk 0:58:04]} Ra8
{[%clk 0:45:30]} 30. Ra1 {[%clk 0:58:23]} 1/2-1/2

[Event "Wolrd Chess Olympiad 2018"]
[Site "Batumi"]
[Date "2018.10.04"]
[Round "10"]
[Board "2"]
[WhiteFideId "10700099"]
[White "Rowe Peter"]
[BlackFideId "14317176"]
[Black "Khalema Sechaba"]
[Result "1-0"]
[LiveChessVersion "1.4.8"]
[BlackElo "1779"]
[WhiteElo "1951"]

1. d4 {[%clk 1:30:53]} c5 {[%clk 1:30:55]} 2. c3 {[%clk 1:30:18]} e6
{[%clk 1:30:32]} 3. Nf3 {[%clk 1:30:21]} a6 {[%clk 1:30:43]} 4. a4
{[%clk 1:29:04]} Nf6 {[%clk 1:31:03]} 5. Bg5 {[%clk 1:28:21]} Qb6
{[%clk 1:31:24]} 6. Qc2 {[%clk 1:28:07]} Nc6 {[%clk 1:31:49]} 7. e3
{[%clk 1:28:07]} Be7 {[%clk 1:32:03]} 8. Nbd2 {[%clk 1:28:03]} d5
{[%clk 1:32:23]} 9. Be2 {[%clk 1:27:39]} Bd7 {[%clk 1:32:48]} 10. O-O
{[%clk 1:27:11]} Rc8 {[%clk 1:33:14]} 11. Qb1 {[%clk 1:25:43]} O-O
{[%clk 1:32:54]} 12. Ne5 {[%clk 1:25:53]} Rfd8 {[%clk 1:33:17]} 13. Bd3
{[%clk 1:22:01]} h6 {[%clk 1:33:16]} 14. Bh4 {[%clk 1:21:49]} Be8
{[%clk 1:33:36]} 15. f4 {[%clk 1:21:10]} Rc7 {[%clk 1:29:49]} 16. Kh1
{[%clk 1:18:05]} Rdc8 {[%clk 1:27:43]} 17. h3 {[%clk 1:14:58]} cxd4
{[%clk 1:23:11]} 18. exd4 {[%clk 1:15:12]} Ne4 {[%clk 1:23:24]} 19. Nxe4
{[%clk 1:02:37]} dxe4 {[%clk 1:18:55]} 20. Bxe4 {[%clk 0:58:11]} Bxh4
{[%clk 1:19:16]} 21. Nc4 {[%clk 0:57:30]} Qa7 {[%clk 1:19:11]} 22. f5
{[%clk 0:55:17]} exf5 {[%clk 1:18:39]} 23. Bxf5 {[%clk 0:55:22]} Rd8
{[%clk 1:19:02]} 24. Qe4 {[%clk 0:52:29]} Bf6 {[%clk 1:19:13]} 25. Bh7+
{[%clk 0:47:30]} Kf8 {[%clk 1:19:11]} 26. Rxf6 {[%clk 0:47:28]} Nxd4
{[%clk 1:16:29]} 27. Rd6 {[%clk 0:42:38]} Rxd6 {[%clk 1:09:53]} 28. Nxd6
{[%clk 0:42:40]} Bc6 {[%clk 1:10:16]} 29. Qe3 {[%clk 0:38:29]} Re7
{[%clk 1:10:27]} 30. Qxe7+ {[%clk 0:38:44]} 1-0

[Event "Wolrd Chess Olympiad 2018"]
[Site "Batumi"]
[Date "2018.10.04"]
[Round "10"]
[Board "3"]
[WhiteFideId "14317265"]
[White "Mohatlane Liteboho"]
[BlackFideId "10700366"]
[Black "Nevska Gerda"]
[Result "1-0"]
[LiveChessVersion "1.4.8"]
[BlackElo "1819"]
[WhiteElo "1655"]

1. e4 {[%clk 1:30:48]} c5 {[%clk 1:30:55]} 2. c3 {[%clk 1:31:08]} Nc6
{[%clk 1:30:34]} 3. Nf3 {[%clk 1:31:10]} d6 {[%clk 1:30:02]} 4. Bb5
{[%clk 1:31:09]} Bd7 {[%clk 1:28:32]} 5. O-O {[%clk 1:31:24]} a6 {[%clk 1:25:06]}
6. Ba4 {[%clk 1:31:30]} Nf6 {[%clk 1:22:43]} 7. Re1 {[%clk 1:31:40]} b5
{[%clk 1:22:42]} 8. Bc2 {[%clk 1:31:07]} Bg4 {[%clk 1:22:31]} 9. h3
{[%clk 1:31:19]} Bh5 {[%clk 1:22:54]} 10. g4 {[%clk 1:31:31]} Bg6
{[%clk 1:23:08]} 11. d4 {[%clk 1:31:14]} cxd4 {[%clk 1:18:15]} 12. Nxd4
{[%clk 1:30:40]} Nxd4 {[%clk 1:17:19]} 13. cxd4 {[%clk 1:29:37]} e6
{[%clk 1:12:54]} 14. f4 {[%clk 1:23:05]} h5 {[%clk 1:09:47]} 15. f5
{[%clk 1:23:19]} Bh7 {[%clk 1:09:55]} 16. g5 {[%clk 1:23:20]} Rc8
{[%clk 0:55:41]} 17. gxf6 {[%clk 1:19:54]} Qxf6 {[%clk 0:44:11]} 18. Kh2
{[%clk 1:16:56]} Qh4 {[%clk 0:32:18]} 19. Rg1 {[%clk 1:13:29]} d5
{[%clk 0:26:58]} 20. Bg5 {[%clk 1:04:07]} Bd6+ {[%clk 0:05:50]} 21. e5
{[%clk 1:04:05]} Bxe5+ {[%clk 0:02:54]} 22. dxe5 {[%clk 1:04:27]} Qc4
{[%clk 0:01:19]} 23. Nc3 {[%clk 1:03:57]} d4 {[%clk 0:01:02]} 24. Bd3
{[%clk 1:00:43]} Qc5 {[%clk 0:01:31]} 25. Ne2 {[%clk 1:00:47]} Qxe5+
{[%clk 0:01:50]} 26. Bf4 {[%clk 1:01:05]} Qd5 {[%clk 0:01:40]} 27. Rxg7
{[%clk 0:57:15]} e5 {[%clk 0:01:50]} 28. Rc1 {[%clk 0:53:32]} Rd8
{[%clk 0:00:47]} 29. Bg5 {[%clk 0:51:46]} e4 {[%clk 0:00:32]} 30. Nf4
{[%clk 0:47:44]} Qe5 {[%clk 0:00:45]} 31. Qc2 {[%clk 0:43:00]} exd3
{[%clk 0:00:56]} 32. Qc6+ {[%clk 0:42:52]} Kf8 33. Bh6 {[%clk 0:42:25]} d2
{[%clk 0:01:15]} 34. Rxh7+ {[%clk 0:41:19]} Ke7 {[%clk 0:01:39]} 35. Bg5+
{[%clk 0:41:22]} Kf8 {[%clk 0:01:53]} 36. Qh6+ {[%clk 0:40:28]} 1-0